Arquitectura : temas de composición /

Gardado en:
Detalles Bibliográficos
Autor Principal: Clark, Roger H. (autor)
Outros autores: Pause, Michael (autor) (autor)
Formato: Libro
Idioma:Lingua castelá
Publicado: México : Gustavo Gili, 1997, c1997
Edición:3a edición
Temas:
Etiquetas: Engadir etiqueta
Sen Etiquetas, Sexa o primeiro en etiquetar este rexistro!

MARC

LEADER 00000nam^a2200000^a^4500
001 000184429
005 20250521000000.0
009 20260310102115.888
020 |a 968-887-338-1 
037 |a Acervo ITESO - Biblioteca 
041 |a ESP 
082 |a 720. 284  |b CLA 
100 |a Clark, Roger H.  |e (autor) 
245 1 0 |a Arquitectura :  |b temas de composición /  |c R.H. Clark, M. Pause. 
250 |a 3a edición 
264 4 |a México :  |b Gustavo Gili,  |c 1997, c1997 
300 |a XI, 274 p. 
336 |a texto  |b txt  |2 rdacontenido 
337 |a sin mediación  |b n  |2 rdamedio 
338 |a volumen  |b nc  |2 rdasoporte 
500 |a Traducción de: Precedents in Architecture 
649 |a XX 
650 |a Composición Arquitectónica 
650 |a Esbozo Arquitectónico 
650 |a Espacio Arquitectónico 
650 |a Proyecto Arquitectónico 
650 |a Diseño Arquitectónico 
650 |a Arquitectura -  |x Historia y Crítica 
650 |a Arte -  |x Historia y Crítica 
650 |a Aalto, Alvar 
650 |a Ando, Tadao 
650 |a Gunnar Asplund, Erik 
650 |a Bohlin, Peter Q. 
650 |a Botta, Mario 
650 |a Brunelleschi, Filippo 
650 |a Fehn, Sverre 
650 |a Giurgola, Romaldo 
650 |a Hawksmoor, Nicholas 
650 |a Kahn, Louis I. 
650 |a Ledoux, Claude-Nicolas 
650 |a Lutyens, Edwin Landseer 
650 |a Meier, Richard 
650 |a Moore, Charles W. 
650 |a Palladio, Andrea 
650 |a Richardson, Henry Hobson 
650 |a Stirling, James 
650 |a Sullivan, Louis Henry 
650 |a Terragni, Giuseppe 
650 |a Mies van der Rohe, Ludwig 
650 |a Venturi, Robert 
650 |a Wright, Frank Lloyd 
600 |a Le Corbusier 
700 |a Pause, Michael  |e (autor) 
910 |a Fondo General 
920 |a Impresos - Libros 
930 |a Colección General 
905 |a 101 
901 |a 0500125364  |b IT1  |c ACC  |u 20250521 
902 |a https://opac.biblio.iteso.mx/vufind/Record/000184429